La distinción mosaica o el precio del monoteísmo
I tiakina i:
| Kaituhi matua: | |
|---|---|
| Hōputu: | Pukapuka |
| Reo: | Pāniora |
| I whakaputaina: |
Madrid
Akal
2006
|
| Ngā marau: | |
| Ngā Tūtohu: |
Tāpirihia he Tūtohu
Kāore He Tūtohu, Me noho koe te mea tuatahi ki te tūtohu i tēnei pūkete!
|
MARC
| LEADER | 00000nam a2200000 a 4500 | ||
|---|---|---|---|
| 001 | UCI0954 | ||
| 003 | CL-VaPUC | ||
| 008 | 070608e20060000SP |||||||||||||||||spa|d | ||
| 020 | |a 9788446022336 | ||
| 082 | 0 | 4 | |a 292 |b ASS |2 21 |
| 100 | 0 | |a Assmann, Jan |e author |9 521192 | |
| 245 | 1 | 3 | |a La distinción mosaica o el precio del monoteísmo |
| 300 | |a 221 p | ||
| 942 | |c BK | ||
| 945 | |d 20070608 00:00:00 |a jtorresc | ||
| 260 | |a Madrid |b Akal |c 2006 | ||
| 650 | 0 | |a Religiones antiguas |9 314285 | |
| 650 | 7 | |a MONOTEISMO |2 CL-VaPUC |9 346921 | |
| 650 | 0 | |a Religión y sociedad |9 380181 | |
| 650 | 7 | |a FILOSOFIA ARABE |2 CL-VaPUC |9 307956 | |
| 650 | 0 | |a Judaísmo |9 269348 | |
| 651 | 0 | |a Grecia |9 265314 | |
| 583 | |a last modification |c 20140406 05:40:05 |k Rodrigo Vera | ||
| 999 | |c 325905 |d 325903 | ||
| 952 | |0 0 |1 0 |4 0 |6 292_000000000000000_ASS_2006 |7 0 |8 A |9 407395 |a BIBHIS |b BIBHIS |d 2019-11-22 |i 4345940 |o 292 ASS 2006 |p 4345940 |r 2025-01-20 |w 2019-11-22 |y BK |k HIS | ||